000 02068cam a2200181 4500500
005 20251228074116.0
041 _afre
042 _adc
100 1 0 _aDubreuil, François
_eauthor
700 1 0 _aGautier, Benoît
_eauthor
245 0 0 _aMesure de la santé et maladie de la mesure : le contrôle des corps dans une usine de production automobile
260 _c2011.
500 _a33
520 _aRésuméCet article tente de montrer comment une organisation industrielle se saisit de la question de la santé des salariés, en appliquant des procédures de mise sous contrôle proches de celles utilisées pour la qualité. Comme dans le cas de la qualité totale, la traçabilité des atteintes à la santé sert à la fois l’amélioration continue et l’attribution de responsabilité. Comme dans le cas de la qualité totale, les procédures réduisent la liberté d’interprétation des opérateurs et contraignent leurs marges d’action, de façon à permettre la garantie par les concepteurs de niveaux de qualité/santé. Or, la santé n’est-ce pas, aussi, disposer d’une capacité d’action sur son environnement ?
520 _aThis article sets out to show how an industrial organisation deals with the health of its staff through the application of control procedures that are similar to those used in quality control. In line with a “total quality” approach, the traceability of work-related injuries and ill health contributes to continuous improvement and the delegation of responsibility. In addition, with a “total quality” approach, procedures reduce the freedom of operators to interpret their role and restrict their room for manœuvre, hence ensuring that those who design quality/health standards can guarantee these standards. And should being healthy not also mean having the ability to do something about your environment ?
786 0 _nSociologies pratiques | 22 | 1 | 2011-04-01 | p. 63-78 | 1235-9278
856 4 1 _uhttps://shs.cairn.info/revue-sociologies-pratiques-2011-1-page-63?lang=fr&redirect-ssocas=7080
999 _c1596833
_d1596833